[Event "14 ème Open Noel TOUR du ROY"]
[Site "Charleville"]
[Date "2017.12.26"]
[Round "1.1"]
[White "Joie, Sebastien"]
[Black "Vandervorst, Marc"]
[Result "1-0"]
[WhiteElo "2363"]
[BlackElo "1612"]
[PlyCount "85"]
[EventDate "2017.??.??"]

1. e4 e5 2. Nf3 Nc6 3. d4 exd4 4. Nxd4 Bc5 5. Nb3 Bb6 6. Nc3 Qf6 7. Qe2 Nge7 8.
Be3 Bxe3 9. Qxe3 O-O 10. O-O-O d6 11. Kb1 a6 12. f4 Bg4 13. Rd2 Rfe8 14. h3 Be6
15. g4 g6 16. Qg3 Qg7 17. Qf2 f6 18. Nd5 Bxd5 19. exd5 Nd8 20. Bg2 b6 21. Re2
Nb7 22. Rhe1 Nc5 23. Nd4 Qf7 24. Re3 Rab8 25. Qe2 Kf8 26. b4 Na4 27. Ne6+ Kg8
28. Qd2 Rbc8 29. R1e2 b5 30. Qe1 Nb6 31. Nd8 Rexd8 32. Rxe7 Qf8 33. h4 Na4 34.
R2e6 a5 35. a3 axb4 36. axb4 Nb6 37. h5 Nc4 38. hxg6 Na3+ 39. Kc1 Nc4 40. Qh4
h6 41. g7 Qxe7 42. Rxe7 Ra8 43. Qxf6 1-0

[Event "14 ème Open Noel TOUR du ROY"]
[Site "Charleville"]
[Date "2017.12.26"]
[Round "1.2"]
[White "Jacobs, Georges"]
[Black "Pytel, Krzysztof"]
[Result "0-1"]
[WhiteElo "1602"]
[BlackElo "2304"]
[PlyCount "92"]
[EventDate "2017.??.??"]

1. e4 c5 2. Nc3 e6 3. f4 d5 4. exd5 exd5 5. Nf3 Nf6 6. Bb5+ Bd7 7. Qe2+ Be7 8.
Ne5 O-O 9. Nxd7 Nbxd7 10. O-O a6 11. Bxd7 Qxd7 12. d3 b5 13. Qf3 b4 14. Ne2
Rfe8 15. Bd2 c4 16. c3 a5 17. Ng3 Bc5+ 18. d4 Bd6 19. Rfe1 Rxe1+ 20. Rxe1 Re8
21. Rxe8+ Qxe8 22. Nf5 Bf8 23. Ng3 Qa4 24. cxb4 axb4 25. a3 bxa3 26. bxa3 Qxa3
27. Qxa3 Bxa3 28. Ne2 Ne4 29. Bc3 f5 30. Kf1 Kf7 31. Ke1 Nxc3 32. Nxc3 Bb4 33.
Kd2 Ke6 34. Kc2 Bxc3 35. Kxc3 Kd6 36. g3 Kc6 37. Kb4 Kb6 38. h3 h5 39. h4 c3
40. Kxc3 Kb5 41. Kb3 Ka5 42. Kc2 Kb4 43. Kd2 Kc4 44. Ke3 Kc3 45. Ke2 Kxd4 46.
Kd2 Ke4 0-1

[Event "14 ème Open Noel TOUR du ROY"]
[Site "Charleville"]
[Date "2017.12.26"]
[Round "1.3"]
[White "Rouffignac, Tanguy"]
[Black "Flamant, Jacky"]
[Result "1-0"]
[WhiteElo "2274"]
[BlackElo "1587"]
[PlyCount "63"]
[EventDate "2017.??.??"]

1. e4 e6 2. d4 d5 3. Nd2 dxe4 4. Nxe4 Be7 5. Nf3 Nd7 6. Bf4 Ngf6 7. Ned2 O-O 8.
Bd3 c5 9. c3 b6 10. O-O Bb7 11. Nc4 Rc8 12. Nd6 Bxd6 13. Bxd6 Re8 14. h3 Bxf3
15. Qxf3 cxd4 16. cxd4 e5 17. Ba6 e4 18. Qb3 Rc6 19. Bb4 Qc7 20. Bb5 Rce6 21.
Bc4 e3 22. Bxe6 exf2+ 23. Rxf2 Rxe6 24. Rc2 Rc6 25. Rac1 Rxc2 26. Qxc2 Qxc2 27.
Rxc2 g6 28. Rc7 Nd5 29. Rxd7 Nxb4 30. Rxa7 Nc6 31. Ra8+ Kg7 32. d5 1-0

[Event "14 ème Open Noel TOUR du ROY"]
[Site "Charleville"]
[Date "2017.12.26"]
[Round "1.4"]
[White "Charbau, Yanick"]
[Black "Loiret, Stanislas"]
[Result "0-1"]
[WhiteElo "1553"]
[BlackElo "2225"]
[PlyCount "85"]
[EventDate "2017.??.??"]

1. d4 d5 2. c4 e6 3. Nf3 c6 4. cxd5 exd5 5. Nc3 Bf5 6. Bg5 Be7 7. Bxe7 Qxe7 8.
e3 Nd7 9. Qb3 Rb8 10. Be2 Ngf6 11. O-O O-O 12. a4 Rfe8 13. Qa3 Qe6 14. Ng5 Qe7
15. Qxe7 Rxe7 16. b4 Rc8 17. Rfc1 Nb6 18. Nf3 Rec7 19. Ne5 Ne8 20. a5 Na8 21.
Na4 f6 22. Nd3 a6 23. Ndc5 Nd6 24. g4 Bg6 25. Ne6 Re7 26. Nf4 Bf7 27. Nc5 Nc7
28. Bd3 g5 29. Ne2 Bg6 30. Bxg6 hxg6 31. Nc3 Kf7 32. N3a4 Ncb5 33. Nb6 Rd8 34.
Kg2 f5 35. h3 Kf6 36. Nd3 Nf7 37. Na4 Nfd6 38. Nac5 Rh8 39. Rh1 Nc4 40. Ra2 Rh4
41. gxf5 gxf5 42. Kg3 Ncd6 43. Nf4 0-1

[Event "14 ème Open Noel TOUR du ROY"]
[Site "Charleville"]
[Date "2017.12.26"]
[Round "1.5"]
[White "Boudry, William"]
[Black "Raguet, Boris"]
[Result "1-0"]
[WhiteElo "2042"]
[BlackElo "1543"]
[PlyCount "57"]
[EventDate "2017.??.??"]

1. d4 d5 2. Bf4 Bf5 3. c4 c6 4. Nc3 e6 5. Qb3 Qb6 6. c5 Qxb3 7. axb3 Nd7 8. Nf3
Ngf6 9. b4 Be7 10. b5 O-O 11. e3 Ne4 12. Nxe4 Bxe4 13. Nd2 Nf6 14. Nxe4 Nxe4
15. f3 Nf6 16. g4 Nd7 17. Kd2 f6 18. Bc7 e5 19. bxc6 bxc6 20. Ba6 f5 21. Bb7
exd4 22. exd4 Bg5+ 23. f4 Bf6 24. Bxa8 Rxa8 25. Kd3 fxg4 26. Rhe1 Kf7 27. Ra6
Bh4 28. Re2 Nf6 29. f5 1-0

[Event "14 ème Open Noel TOUR du ROY"]
[Site "Charleville"]
[Date "2017.12.26"]
[Round "1.6"]
[White "Menoux, Joachim"]
[Black "Van Malder, Dries"]
[Result "0-1"]
[WhiteElo "1525"]
[BlackElo "2018"]
[PlyCount "96"]
[EventDate "2017.??.??"]

1. d4 Nf6 2. c4 e6 3. Nc3 Bb4 4. e3 O-O 5. Nge2 b6 6. a3 Bxc3+ 7. Nxc3 Bb7 8.
d5 d6 9. e4 Nbd7 10. b4 Qe7 11. Bd3 exd5 12. cxd5 Nxd5 13. Nxd5 Bxd5 14. Qe2
Rae8 15. exd5 Qf6 16. Be3 Qxa1+ 17. Qd1 Qxd1+ 18. Kxd1 Ne5 19. Bb5 Rc8 20. Ba6
Rb8 21. Bb5 a6 22. Bxa6 Ra8 23. b5 Rfe8 24. Kc2 Ng4 25. Re1 Re5 26. h3 Nxe3+
27. Rxe3 Rxd5 28. Bb7 Rc5+ 29. Kd2 Rb8 30. a4 Re5 31. Bc6 Rxe3 32. Kxe3 Kf8 33.
f4 h5 34. g4 hxg4 35. hxg4 Ke7 36. Bd5 Rh8 37. g5 Rh3+ 38. Ke4 g6 39. f5 gxf5+
40. Kxf5 Ra3 41. g6 fxg6+ 42. Kxg6 Rxa4 43. Kf5 Rb4 44. Bc6 Rc4 45. Kg5 Ke6 46.
Be8 Ke5 47. Bc6 Rxc6 48. bxc6 b5 0-1

[Event "14 ème Open Noel TOUR du ROY"]
[Site "Charleville"]
[Date "2017.12.26"]
[Round "1.7"]
[White "Halfaoui, Eddine"]
[Black "Mondeel, Paul"]
[Result "1-0"]
[WhiteElo "2005"]
[BlackElo "1508"]
[PlyCount "46"]
[EventDate "2017.??.??"]

1. d4 Nf6 2. c4 e5 3. dxe5 Ng4 4. Nf3 Bb4+ 5. Bd2 Bxd2+ 6. Qxd2 Nc6 7. Nc3 O-O
8. e3 Ngxe5 9. Be2 Nxf3+ 10. Bxf3 Ne5 11. Be2 c6 12. Ne4 d5 13. cxd5 cxd5 14.
Nc3 Be6 15. O-O Qa5 16. Qd4 Ng6 17. Rfd1 Rad8 18. Rd2 a6 19. Bf3 Kh8 20. Rad1
Ne7 21. Qe5 Ng6 22. Qh5 Qc7 23. Nxd5 Ne5 1-0

[Event "14 ème Open Noel TOUR du ROY"]
[Site "Charleville"]
[Date "2017.12.26"]
[Round "1.8"]
[White "Habart, Thomas"]
[Black "Smailovic, Omer"]
[Result "0-1"]
[WhiteElo "1450"]
[BlackElo "1995"]
[PlyCount "88"]
[EventDate "2017.??.??"]

1. d4 Nf6 2. Nc3 d5 3. g3 Bf5 4. Nf3 e6 5. Bg2 Nbd7 6. O-O c5 7. e3 Be7 8. Re1
O-O 9. b3 Rc8 10. Bb2 Qa5 11. Ne2 c4 12. Qd2 Qb6 13. a4 cxb3 14. a5 Qa6 15.
cxb3 Rc2 16. Qd1 Rxb2 17. Bf1 Bd3 18. Ne5 Nxe5 19. dxe5 Ng4 20. Qc1 Rc2 21. Qd1
Rfc8 22. Nd4 Nxf2 23. Bxd3 Nxd3 24. Nxc2 Nxe1 25. Nxe1 Bg5 26. Ng2 Rc3 27. Qe1
Qc6 28. b4 Qc7 29. b5 Qxe5 30. Rc1 Rc4 31. b6 axb6 32. axb6 g6 33. h4 Bd8 34.
e4 Bxb6+ 35. Kh1 Rxe4 36. Qd2 Kg7 37. Qc3 d4 38. Qb2 Bc7 39. Rd1 Qxg3 40. Kg1
Qh2+ 41. Kf1 Qh1+ 42. Kf2 Qxd1 43. Qxb7 Re2+ 44. Kf3 Rb2+ 0-1

[Event "14 ème Open Noel TOUR du ROY"]
[Site "Charleville"]
[Date "2017.12.26"]
[Round "1.9"]
[White "Monceau, Etienne"]
[Black "Louis, Vincent"]
[Result "1-0"]
[WhiteElo "1987"]
[BlackElo "1450"]
[PlyCount "43"]
[EventDate "2017.??.??"]

1. d4 Nf6 2. c4 g6 3. f3 Bg7 4. e4 d6 5. Nc3 O-O 6. Be3 e5 7. Nge2 Nbd7 8. Qd2
c5 9. dxe5 dxe5 10. O-O-O Qe7 11. g4 Nb6 12. Ng3 Be6 13. b3 Rad8 14. Qf2 Rxd1+
15. Nxd1 Nbd7 16. Be2 Kh8 17. h4 b6 18. h5 Rg8 19. g5 Ne8 20. hxg6 fxg6 21.
Rxh7+ Kxh7 22. Qh2+ 1-0

[Event "14 ème Open Noel TOUR du ROY"]
[Site "Charleville"]
[Date "2017.12.26"]
[Round "1.10"]
[White "Toro, William"]
[Black "Pytel, Bozena"]
[Result "0-1"]
[WhiteElo "1440"]
[BlackElo "1882"]
[PlyCount "72"]
[EventDate "2017.??.??"]

1. d4 Nf6 2. c4 e6 3. Nc3 d5 4. Bg5 Be7 5. Qa4+ c6 6. e3 O-O 7. cxd5 exd5 8.
Bxf6 Bxf6 9. Qc2 Re8 10. Bd3 g6 11. Nf3 Bg4 12. Be2 Bxf3 13. Bxf3 Bxd4 14. O-O
Bg7 15. Rad1 Nd7 16. Rfe1 Ne5 17. Be4 Qa5 18. Bf3 Nxf3+ 19. gxf3 Qb4 20. a3 Qh4
21. Rd4 Bxd4 22. Re2 Be5 23. f4 Qg4+ 24. Kh1 Bxc3 25. bxc3 Re4 26. Qd1 Rae8 27.
Qf1 Qf3+ 28. Kg1 Rxf4 29. exf4 Rxe2 30. f5 Re4 31. h3 Qxf5 32. f3 Re3 33. f4
Re4 34. Kf2 Rxf4+ 35. Kg1 Rxf1+ 36. Kh2 Qf2# 0-1

[Event "14 ème Open Noel TOUR du ROY"]
[Site "Charleville"]
[Date "2017.12.26"]
[Round "1.11"]
[White "Fleurentin, Arnaud"]
[Black "Hoch, Anna"]
[Result "1-0"]
[WhiteElo "1796"]
[BlackElo "1412"]
[PlyCount "99"]
[EventDate "2017.??.??"]

1. c4 Nf6 2. Nc3 d6 3. g3 g6 4. Bg2 Bg7 5. Nf3 Nc6 6. O-O O-O 7. d3 e5 8. Bd2
h6 9. Rb1 Be6 10. b4 Qd7 11. b5 Ne7 12. Qc1 Kh7 13. Nh4 Rab8 14. Qa3 Bh3 15.
Qxa7 Bxg2 16. Kxg2 b6 17. Qa4 Nh5 18. e4 f5 19. exf5 Nxf5 20. Nxf5 Qxf5 21. Qc2
Qf3+ 22. Kg1 Rbe8 23. Be3 Nf6 24. Qd1 Qf5 25. f3 Qh3 26. Qe2 Qe6 27. Ne4 d5 28.
cxd5 Nxd5 29. Rbc1 Nxe3 30. Qxe3 Rf7 31. a4 Rd8 32. Rc4 Rfd7 33. Rc3 Qa2 34.
Qc1 Qxa4 35. Qb2 Qd4+ 36. Qf2 Qb4 37. Rfc1 Qxb5 38. Rxc7 Qxd3 39. R7c3 Qa6 40.
Rb3 Rb8 41. Rc6 Qa1+ 42. Kg2 b5 43. Qc2 Qd4 44. h4 Rf7 45. h5 Kg8 46. hxg6 Rff8
47. Rd3 Qa7 48. Rc7 Qa8 49. Rdd7 Rfc8 50. Rxg7+ 1-0

[Event "14 ème Open Noel TOUR du ROY"]
[Site "Charleville"]
[Date "2017.12.26"]
[Round "1.12"]
[White "Laureys, Jo"]
[Black "Decruyenaere, Robbert"]
[Result "0-1"]
[WhiteElo "1388"]
[BlackElo "1779"]
[PlyCount "24"]
[EventDate "2017.??.??"]

1. d4 Nf6 2. Nf3 g6 3. e3 Bg7 4. b3 O-O 5. Bb2 d6 6. Nbd2 Ng4 7. c4 e5 8. Qc2
exd4 9. Nxd4 Nc6 10. Nxc6 bxc6 11. g3 Bf5 12. e4 Re8 0-1

[Event "14 ème Open Noel TOUR du ROY"]
[Site "Charleville"]
[Date "2017.12.26"]
[Round "1.13"]
[White "Vande Ginste, Michiel"]
[Black "Calaresu, Tony"]
[Result "1-0"]
[WhiteElo "1757"]
[BlackElo "1344"]
[PlyCount "81"]
[EventDate "2017.??.??"]

1. e4 e5 2. Nf3 Nf6 3. Nxe5 d6 4. Nf3 Nxe4 5. d4 d5 6. Bd3 Nf6 7. O-O Be7 8.
Bf4 O-O 9. Re1 Bg4 10. h3 Be6 11. Nbd2 Nc6 12. c3 Bd6 13. Bh2 Nh5 14. Qc2 h6
15. Qc1 Bxh2+ 16. Kxh2 Nf4 17. Bb1 Qd6 18. Kg1 Rfe8 19. Nf1 Ne7 20. Ng3 Neg6
21. Ne5 Nxh3+ 22. gxh3 Bxh3 23. Bxg6 fxg6 24. Qc2 Re6 25. Kh2 Bf5 26. Nxf5 gxf5
27. f4 Rf8 28. Qg2 Qe7 29. Nf3 Qf7 30. Rxe6 Qxe6 31. Rg1 Qf7 32. Qg6 Qe7 33.
Re1 Qf7 34. Qxf7+ Rxf7 35. Re8+ Rf8 36. Rxf8+ Kxf8 37. Kg3 Ke7 38. Kh4 b6 39.
Ne5 c5 40. Nc6+ Kf6 41. Nxa7 1-0

[Event "14 ème Open Noel TOUR du ROY"]
[Site "Charleville"]
[Date "2017.12.26"]
[Round "1.14"]
[White "Boudry, Rik"]
[Black "Londers, Jan"]
[Result "0-1"]
[WhiteElo "1322"]
[BlackElo "1740"]
[PlyCount "109"]
[EventDate "2017.??.??"]

1. e4 e5 2. Bc4 Nc6 3. d3 Nf6 4. Nc3 Bb4 5. a3 Bxc3+ 6. bxc3 d5 7. exd5 Nxd5 8.
Qf3 Be6 9. Ne2 Qd7 10. h3 f6 11. Rb1 O-O-O 12. Bb5 g5 13. c4 g4 14. Bxc6 bxc6
15. hxg4 Bxg4 16. Qe4 Bxe2 17. cxd5 Bg4 18. dxc6 Qd4 19. Qxd4 exd4 20. Rb7
Rde8+ 21. Kf1 Re6 22. Rxa7 Rxc6 23. Ra8+ Kb7 24. Rxh8 Rxc2 25. Kg1 Rxc1+ 26.
Kh2 Rc3 27. Rb1+ Kc6 28. Rf8 Rxd3 29. Rxf6+ Kd5 30. f3 Be6 31. a4 Ra3 32. Rb5+
c5 33. Ra5 d3 34. Rf8 Kd4 35. Rf4+ Kd5 36. Ra8 c4 37. Ra5+ Kc6 38. Ra6+ Kc5 39.
Rxe6 d2 40. Re5+ Kb4 41. Rd5 Kc3 42. Rxc4+ Kxc4 43. Rxd2 Rxa4 44. Rd7 h6 45.
Rd6 h5 46. Rh6 Ra5 47. Kh3 Rg5 48. g3 Kd4 49. Kh4 Rf5 50. f4 Ke4 51. Rxh5 Rf8
52. f5 Kf3 53. g4 Kf4 54. Rh6 Rg8 55. Ra6 0-1

[Event "14 ème Open Noel TOUR du ROY"]
[Site "Charleville"]
[Date "2017.12.26"]
[Round "1.15"]
[White "Francois, Gwladys"]
[Black "De Andrade, Mathis"]
[Result "1-0"]
[WhiteElo "1738"]
[BlackElo "1299"]
[PlyCount "103"]
[EventDate "2017.??.??"]

1. e4 c6 2. d4 d5 3. e5 Bf5 4. Bd3 Bxd3 5. Qxd3 e6 6. Ne2 Qb6 7. O-O Qa6 8. Qd1
c5 9. c3 Nc6 10. Nd2 cxd4 11. cxd4 Qd3 12. Nf3 Qxd1 13. Rxd1 Nge7 14. b3 a5 15.
Nc3 Nc8 16. Nb5 Kd7 17. Bb2 N8a7 18. Nc3 b5 19. Rac1 Be7 20. Kf1 Rhc8 21. h3
Rab8 22. Rd2 Rc7 23. g4 h6 24. Kg2 Nc8 25. Re2 N8a7 26. Rd2 Rcb7 27. Kg3 g5 28.
Rh1 f6 29. Re1 a4 30. exf6 Bxf6 31. bxa4 bxa4 32. Nxa4 Be7 33. Ree2 Bd6+ 34.
Kg2 Rb4 35. Nc3 Bf4 36. Rc2 Nxd4 37. Nxd4 Rxd4 38. Re1 Bd2 39. Rd1 Bxc3 40.
Rxd4 Bxd4 (40... Bxb2 {GAGNAIT POUR LES NOIRS gagnait pour les noirs !!} 41.
Rdd2 Ba3) 41. Bxd4 Nc6 42. Bg7 Nb4 43. Rd2 Rg8 44. Bxh6 Ke8 45. h4 gxh4 46. Kh3
Nc6 47. Bf4 e5 48. Bxe5 Nxe5 49. Re2 Rf8 50. Rxe5+ Kd7 51. Rxd5+ Kc6 52. Rf5
1-0

[Event "14 ème Open Noel TOUR du ROY"]
[Site "Charleville"]
[Date "2017.12.26"]
[Round "1.16"]
[White "Toro, Raphael"]
[Black "Hacene, Ahmed"]
[Result "0-1"]
[WhiteElo "1280"]
[BlackElo "1708"]
[PlyCount "68"]
[EventDate "2017.??.??"]

1. d4 Nf6 2. Nc3 d5 3. e3 g6 4. Bd3 Bg7 5. Nf3 Bg4 6. h3 Bxf3 7. Qxf3 O-O 8.
Bd2 Nc6 9. O-O e5 10. dxe5 Nxe5 11. Qf4 Nxd3 12. cxd3 c6 13. e4 Nh5 14. Qe3 d4
15. Qe1 dxc3 16. Bxc3 Bxc3 17. Qxc3 Nf4 18. Rad1 Ne2+ 19. Kh1 Nxc3 20. bxc3 Qa5
21. Rb1 Rab8 22. Rfc1 Qxa2 23. Ra1 Qd2 24. d4 a6 25. f3 b5 26. Kh2 a5 27. Rd1
Qxc3 28. d5 cxd5 29. exd5 Rfd8 30. Rac1 Qe5+ 31. Kg1 Rxd5 32. Rxd5 Qxd5 33. Ra1
Qd4+ 34. Kh2 Qxa1 0-1

[Event "14 ème Open Noel TOUR du ROY"]
[Site "Charleville"]
[Date "2017.12.26"]
[Round "1.17"]
[White "Louis, Andre"]
[Black "Decruyenaere, Pierre-Stephane"]
[Result "1-0"]
[WhiteElo "1696"]
[BlackElo "1255"]
[PlyCount "135"]
[EventDate "2017.??.??"]

1. e4 e5 2. Nf3 Nc6 3. Bb5 d6 4. d4 Bd7 5. d5 Nb8 6. a4 Nf6 7. Bd3 c6 8. c4 c5
9. Na3 Bg4 10. Bd2 Nbd7 11. O-O Be7 12. Re1 O-O 13. h3 Bxf3 14. Qxf3 Qb6 15.
Rab1 Qb3 16. Bc2 Qxf3 17. gxf3 Nh5 18. Kh2 Bh4 19. Rf1 Nf4 20. Nb5 Be7 21. a5
Rfc8 22. Ba4 Nf8 23. Nc3 N8g6 24. a6 b6 25. Bc6 Rab8 26. Ra1 Nh4 27. Kg3 Nh5+
28. Kg4 g6 29. Bg5 f5+ 30. Kxh4 Kf7 31. exf5 Rh8 32. Bxe7 Kxe7 33. Ne4 Nf6 34.
Nxf6 Kxf6 35. fxg6 hxg6+ 36. Kg3 g5 37. Bd7 Rh7 38. Kg2 Rxd7 39. Kg3 Rh7 40.
Rh1 Rbh8 41. Rh2 Kf5 42. Rah1 e4 43. fxe4+ Kxe4 44. f3+ Kf5 45. Re1 Rh4 46. Re6
R4h6 47. Rxh6 Rxh6 48. Re2 Rh4 49. b3 Rf4 50. Re7 b5 51. Rxa7 bxc4 52. Rf7+ Ke5
53. a7 Rxf7 54. a8=Q cxb3 55. Qa1+ Kxd5 56. Qd1+ Kc6 57. Qxb3 Rb7 58. Qd3 d5
59. Qg6+ Kb5 60. Qxg5 d4 61. Qd5 Rg7+ 62. Kf2 Kb4 63. Qe5 Rd7 64. Qe1+ Kb5 65.
Qb1+ Kc6 66. Qd3 Kd5 67. Qf5+ Kc4 68. Qxd7 1-0

[Event "14 ème Open Noel TOUR du ROY"]
[Site "Charleville"]
[Date "2017.12.26"]
[Round "1.18"]
[White "Vielle, Eric"]
[Black "Leclere, Jean-Yves"]
[Result "0-1"]
[WhiteElo "1250"]
[BlackElo "1695"]
[PlyCount "76"]
[EventDate "2017.??.??"]

1. e4 c5 2. Nf3 d5 3. exd5 Qxd5 4. Nc3 Qd6 5. Bc4 a6 6. Ng5 e6 7. O-O b5 8. Bd3
Nf6 9. Qf3 Ra7 10. Qh3 h6 11. Nge4 Nxe4 12. Nxe4 Qd4 13. Qg3 Nc6 14. c3 Qd5 15.
Bc2 Ne5 16. d4 cxd4 17. Rd1 Nc6 18. Be3 e5 19. cxd4 exd4 20. Nc3 Qc5 21. Bxd4
Nxd4 22. Qe3+ Ne6 23. Qxc5 Bxc5 24. Nd5 O-O 25. Bf5 Nd4 26. Be4 Bg4 27. Rd2 Rd7
28. Rc1 Ba7 29. h3 Ne2+ 30. Rxe2 Bxe2 31. Nf4 Rd1+ 32. Rxd1 Bxd1 33. b3 Rd8 34.
Nd5 Kf8 35. Nc7 Rd2 36. Nd5 Rxf2 37. Bd3 Rd2+ 38. Kh1 Rxd3 0-1

[Event "14 ème Open Noel TOUR du ROY"]
[Site "Charleville"]
[Date "2017.12.26"]
[Round "1.19"]
[White "Prioux, Michel"]
[Black "Picot, Nathan"]
[Result "1-0"]
[WhiteElo "1689"]
[BlackElo "1203"]
[PlyCount "37"]
[EventDate "2017.??.??"]

1. c4 e5 2. g3 Nf6 3. Bg2 c6 4. Nc3 d5 5. cxd5 cxd5 6. d4 e4 7. Nh3 Nc6 8. Bg5
Be7 9. e3 h6 10. Bxf6 Bxf6 11. Qb3 Ne7 12. Nf4 b6 13. Nfxd5 Nxd5 14. Nxd5 Be6
15. Nxf6+ Qxf6 16. Qa3 a5 17. O-O Rc8 18. Rac1 b5 19. Rc7 1-0

[Event "14 ème Open Noel TOUR du ROY"]
[Site "Charleville"]
[Date "2017.12.26"]
[Round "1.20"]
[White "Rolland, Camille"]
[Black "Fauchart, Francois"]
[Result "0-1"]
[WhiteElo "1153"]
[BlackElo "1685"]
[PlyCount "58"]
[EventDate "2017.??.??"]

1. d4 d5 2. c4 c6 3. Nc3 Nf6 4. Bg5 Nbd7 5. Nf3 e6 6. cxd5 cxd5 7. Qc2 a6 8.
O-O-O b5 9. e4 dxe4 10. Nxe4 Bb7 11. Bd3 Rc8 12. Nc3 b4 13. Qb3 Bd5 14. Qa4
bxc3 15. Ne5 cxb2+ 16. Kb1 Be7 17. Bxf6 gxf6 18. Nxd7 Qxd7 19. Qxd7+ Kxd7 20.
Bxa6 Ra8 21. Bb5+ Kd6 22. Kxb2 Rxa2+ 23. Kc3 Rc8+ 24. Kd3 f5 25. Ke3 f4+ 26.
Kxf4 Rxf2+ 27. Ke3 Rxg2 28. Rhf1 Rc3+ 29. Bd3 Bg5+ 0-1

[Event "14 ème Open Noel TOUR du ROY"]
[Site "Charleville"]
[Date "2017.12.26"]
[Round "1.21"]
[White "Marini, Franck"]
[Black "Cieplucha, Yannis"]
[Result "1-0"]
[WhiteElo "1630"]
[BlackElo "1110"]
[PlyCount "124"]
[EventDate "2017.??.??"]

1. d4 d5 2. c4 dxc4 3. Nf3 Nf6 4. e3 g6 5. Bxc4 Bg7 6. Nc3 O-O 7. O-O b6 8. Qb3
e6 9. Rd1 Qe7 10. d5 e5 11. e4 Nbd7 12. Be3 Bb7 13. Qc2 a6 14. Qd2 b5 15. Bd3
c6 16. dxc6 Bxc6 17. Bc2 Rad8 18. Qd6 Qxd6 19. Rxd6 Nb8 20. Bc5 Rxd6 21. Bxd6
Rd8 22. Bxe5 b4 23. Bxf6 Bxf6 24. e5 Be7 25. Ne4 Bxe4 26. Bxe4 b3 27. a3 Rc8
28. g3 f5 29. Bd5+ Kg7 30. Bxb3 h5 31. Rd1 Rc5 32. e6 Kf6 33. Rd5 Rc1+ 34. Kg2
Rc6 35. Rd3 g5 36. Ba2 Rb6 37. b4 Nc6 38. Rd5 g4 39. Nd4 Nxd4 40. Rxd4 Kg5 41.
Rd7 Kf6 42. Rd4 Ke5 43. Rd3 Kf6 44. f4 gxf3+ 45. Rxf3 Rc6 46. Bb3 Rd6 47. Rf2
Rd3 48. Bc2 Rxa3 49. Bxf5 Ke5 50. g4 hxg4 51. Bxg4 Bxb4 52. Re2+ Kf6 53. h3 Ra4
54. Re4 Ra2+ 55. Kf3 Be7 56. Ke3 Rb2 57. Rc4 Rb5 58. Rf4+ Ke5 59. Rf5+ Kxe6 60.
Rxb5+ Kf6 61. Rb6+ Bd6 62. Rxa6 Ke7 1-0

[Event "14 ème Open Noel TOUR du ROY"]
[Site "Charleville"]
[Date "2017.12.26"]
[Round "2.1"]
[White "Decruyenaere, Robbert"]
[Black "Joie, Sebastien"]
[Result "0-1"]
[WhiteElo "1779"]
[BlackElo "2363"]
[PlyCount "100"]
[EventDate "2017.??.??"]

1. e4 c5 2. Nf3 Nc6 3. d4 cxd4 4. Nxd4 e5 5. Nb3 Nf6 6. Nc3 Bb4 7. f3 d5 8.
exd5 Nxd5 9. Bd2 Bxc3 10. Bxc3 O-O 11. Qd2 Nxc3 12. Qxc3 Bf5 13. Bd3 Bxd3 14.
Rd1 Qh4+ 15. g3 Qh3 16. Qxd3 Qg2 17. Qf1 Qxc2 18. Qe2 Qxe2+ 19. Kxe2 Rfd8 20.
Ke3 f6 21. h4 Kf7 22. g4 b6 23. Nd2 Nd4 24. Ne4 Rac8 25. Rc1 Ke6 26. Rhd1 Rc2
27. Rxc2 Nxc2+ 28. Ke2 Nd4+ 29. Ke3 Nc2+ 30. Ke2 Nd4+ 31. Ke3 Rc8 32. Nc3 b5
33. Rd2 Rc4 34. Ne2 Nxe2 35. Kxe2 h5 36. b3 Rf4 37. gxh5 Rxh4 38. Ke3 Rxh5 39.
Rc2 Kd6 40. Rc8 Rh2 41. a4 Rb2 42. Rc3 bxa4 43. bxa4 Rb4 44. Ra3 a5 45. Kd3 Kd5
46. Kd2 f5 47. Rd3+ Rd4 48. Ke3 f4+ 49. Ke2 Rxd3 50. Kxd3 g5 0-1

[Event "14 ème Open Noel TOUR du ROY"]
[Site "Charleville"]
[Date "2017.12.26"]
[Round "2.2"]
[White "Pytel, Krzysztof"]
[Black "Fleurentin, Arnaud"]
[Result "1-0"]
[WhiteElo "2304"]
[BlackElo "1796"]
[PlyCount "77"]
[EventDate "2017.??.??"]

1. Nf3 Nf6 2. b3 g6 3. Bb2 Bg7 4. g3 O-O 5. Bg2 c6 6. c4 d6 7. d4 Nbd7 8. O-O
Re8 9. Nc3 e5 10. e3 e4 11. Nd2 d5 12. f3 exf3 13. Qxf3 Nf8 14. cxd5 Bg4 15.
Qf2 cxd5 16. Nxd5 N8d7 17. Nxf6+ Nxf6 18. e4 Qe7 19. e5 Nd7 20. Nc4 Rab8 21.
Nd6 Rf8 22. h3 Be6 23. Ba3 Rfd8 24. Nb5 Qg5 25. Bd6 Nxe5 26. dxe5 Bxe5 27. Rad1
Rxd6 28. Nxd6 Bxg3 29. Qxa7 Bxd6 30. Rxd6 Rc8 31. Rxe6 fxe6 32. Qxb7 Qc5+ 33.
Kh1 Rc7 34. Qa8+ Rc8 35. Qe4 Qd6 36. a4 Rb8 37. Qc4 Kg7 38. Re1 Kf7 39. Rxe6
1-0

[Event "14 ème Open Noel TOUR du ROY"]
[Site "Charleville"]
[Date "2017.12.26"]
[Round "2.3"]
[White "Londers, Jan"]
[Black "Rouffignac, Tanguy"]
[Result "0-1"]
[WhiteElo "1740"]
[BlackElo "2274"]
[PlyCount "46"]
[EventDate "2017.??.??"]

1. e4 Nf6 2. Nc3 e5 3. Nf3 Nc6 4. d4 Bb4 5. Nxe5 O-O 6. Nxc6 dxc6 7. Qd3 Nxe4
8. Be2 Bf5 9. Qf3 Qxd4 10. O-O Nxc3 11. bxc3 Bxc3 12. Rb1 Be4 13. Qg3 b5 14.
Rd1 Qf6 15. Bg5 Qg6 16. Qxc3 Qxg5 17. f3 Bd5 18. Rb4 Rfe8 19. Kf2 Rxe2+ 20.
Kxe2 Qxg2+ 21. Ke3 Re8+ 22. Re4 Bxe4 23. fxe4 Rxe4+ 0-1

[Event "14 ème Open Noel TOUR du ROY"]
[Site "Charleville"]
[Date "2017.12.26"]
[Round "2.4"]
[White "Loiret, Stanislas"]
[Black "Vande Ginste, Michiel"]
[Result "1-0"]
[WhiteElo "2225"]
[BlackElo "1757"]
[PlyCount "51"]
[EventDate "2017.??.??"]

1. e4 c5 2. Nc3 g6 3. d4 Bg7 4. Be3 Nc6 5. d5 Nd4 6. Qd2 d6 7. Nge2 Nxe2 8.
Bxe2 Nf6 9. Bh6 O-O 10. h4 e6 11. Bxg7 Kxg7 12. dxe6 Bxe6 13. h5 Qe7 14. O-O-O
Rfd8 15. hxg6 fxg6 16. f4 d5 17. f5 Bf7 18. fxg6 Bxg6 19. exd5 Qe5 20. Qh6+ Kg8
21. Bd3 Bxd3 22. Rxd3 Rd7 23. Re3 Qd4 24. Rh4 Ng4 25. Qe6+ Kh8 26. Rxg4 1-0

[Event "14 ème Open Noel TOUR du ROY"]
[Site "Charleville"]
[Date "2017.12.26"]
[Round "2.5"]
[White "Hacene, Ahmed"]
[Black "Boudry, William"]
[Result "0-1"]
[WhiteElo "1708"]
[BlackElo "2042"]
[PlyCount "72"]
[EventDate "2017.??.??"]

1. e4 d6 2. Nf3 Nf6 3. Nc3 c6 4. d4 Bg4 5. Be2 e6 6. O-O Bxf3 7. Bxf3 d5 8. e5
Nfd7 9. Re1 c5 10. Be3 Nc6 11. Rb1 cxd4 12. Bxd4 Qb8 13. a3 Be7 14. Nxd5 exd5
15. e6 fxe6 16. Bxg7 Rg8 17. Bh5+ Kd8 18. Bc3 Qd6 19. g3 Nf6 20. Bf7 Rf8 21.
Rxe6 Qd7 22. Bxf6 Rxf7 23. Rxe7 Nxe7 24. Bh4 Qf5 25. Qe2 Rc8 26. Re1 Rc7 27. g4
Qf3 28. Qe6 Rd7 29. Re3 Qd1+ 30. Re1 Qd2 31. Re2 Qc1+ 32. Re1 Qf4 33. Re5 Kc8
34. Re3 h5 35. h3 hxg4 36. hxg4 Rg7 0-1

[Event "14 ème Open Noel TOUR du ROY"]
[Site "Charleville"]
[Date "2017.12.26"]
[Round "2.6"]
[White "Van Malder, Dries"]
[Black "Francois, Gwladys"]
[Result "1/2-1/2"]
[WhiteElo "2018"]
[BlackElo "1738"]
[PlyCount "112"]
[EventDate "2017.??.??"]

1. d4 Nf6 2. c4 g6 3. Nc3 Bg7 4. Nf3 O-O 5. g3 d6 6. Bg2 c6 7. O-O Bf5 8. b3
Qc7 9. Nh4 Bd7 10. Bb2 Na6 11. Rc1 Qc8 12. Nf3 Rd8 13. Qd2 Bh3 14. e4 Bxg2 15.
Kxg2 Qc7 16. Ne1 e5 17. d5 Nc5 18. f3 h6 19. Nc2 a5 20. Ne3 Rd7 21. Rfd1 Rad8
22. Qc2 Qb6 23. Re1 Re8 24. Ba3 Na6 25. Rcd1 Nb4 26. Qd2 c5 27. Kh1 Qd8 28. Ng2
Rde7 29. Bb2 Qd7 30. Qf2 h5 31. Bc1 Nh7 32. Qd2 Nf6 33. Re2 Kh7 34. a3 Na6 35.
Rde1 b6 36. Qd3 Ng8 37. f4 Nh6 38. Nh4 Bf6 39. Nf3 Ng4 40. h3 Nh6 41. Kh2 Bg7
42. fxe5 Bxe5 43. Nxe5 dxe5 44. Bg5 f6 45. Bxf6 Rf7 46. Bg5 Ref8 47. Kg2 Rf3
48. Qd2 Ng4 49. hxg4 Qxg4 50. Bh4 g5 51. Qxg5 Rxg3+ 52. Bxg3 Qxg5 53. Kh2 Rf3
54. Rg2 Rxc3 55. Rf1 Qe7 (55... Rxg3 {gagnait !} 56. Rxg3 Qh4+ 57. Rh3 Qxe4 58.
Rxh5+ Kg6) 56. Rf5 Qe8 1/2-1/2